000 00432cam a2200169u 4500
001 unk80012183
003 DLC
005 20260227112758.0
008 810311s1934 xx 000 0 eng
010 _aunk80012183
040 _aDLC
_cCarP
_dDLC
050 0 0 _aHV4046.C4
_bN3 1934
100 1 _aNavin, Robert Bernard.
245 1 3 _aAn analysis of a slum area in Cleveland;
260 _aCleveland Ohio,
_c[1934]
300 _ap. cm.
999 _c91296
_d91296